000 01782cam a22004814i 4500
003 PE-LiUPU
005 20250731173546.0
008 150616s1982 nyu rb 001 0 eng d
020 _a0385056869
035 _a(Sirsi) i9780385056861
040 _aPE-LiUPU
_bspa
_cPE-LiUPU
_erda
049 _aPRUA
082 0 4 _a220.7
_bAB
_221
100 1 _aBrown, Raymond E.,
_eautor.
245 1 4 _aThe Epistles of John.
_n30 /
_cRaymond E. Brown.
264 1 _aNew York :
_bDoubleday,
_c1982.
300 _a812 páginas ;
_c24 centímetros.
336 _atext
_2rdacontent
337 _aunmediated
_2rdamedia
338 _avolume
_2rdacarrier
490 0 _aThe Anchor Bible ;
_v30
504 _aIncluye bibliografía e índice.
505 0 _aInformation from traduction -- Problems of Johannine Authorship -Source theories for the origin of I John -- Origin of I and II John in a struggle with adversaries -- The theory adopted in this commentary -- etc.
526 _aSEG42
526 _aSEG41
526 _aSEG40
526 _aSEG39
526 _aP94
526 _aP87
526 _aP86
526 _aP85
526 _aP77
526 _aP76
526 _aP35
630 _aBiblia.
_pN.T.
_pJuan I, II, III
_xComentarios.
910 _ajck
_bjvq
_cjck
942 _2ddc
_cBOOK
949 _a220.7 AB 30
_wDEWEY
_c1
_i42759
_d2016-10-12
_e2016-10-11
_lCCODEBUL1
_mBUL
_n1
_r0
_sY
_tBOOK
_u2015-6-16
_xTEOLOGIA
_zUNKNOWN
_0COMPRA
_o.STAFF. Colección General
994 _aC0
_bPEPRU
596 _a1
999 _a220.7 AB 30
_wDEWEY
_c60722
_i42759
_d60722
_e2016-10-11
_f2021-11-9
_g5
_lCCODEBUL1
_mBUL
_n1
_p20.00
_q6
_r0
_sY
_tBOOK
_u2015-6-16
_xTEOLOGIA
_PP35
_0COMPRA
_o.STAFF. Colección Teología
980 _81
_gALBERTO SANCHEZ Responsable de Automatización